LEADER 01809cam a2200517 7i4500
001 0000148337
005 20200708090000.0
008 200630t20192019xxc# ### #00001eng##
020 # # |a 9781119565215  
040 # # |a UMT 
090 0 # |a HD 62.5   |b .A4 2019 
100 1 # |a Allen, Kathleen R.   |e author  
245 1 0 |a Starting a business all-in-one for dummies   |c by Kathleen R. Allen [and 18 others]. 
250 # # |a 2nd edition. 
264 # 1 |a New Jersey:   |b John Wiley & Sons,   |c 2019. 
264 # 4 |c ♭2019. 
300 # # |a xix,629 pages:   |b illustrations;   |c 24 cm. 
336 # # |a text  |2 rdacontent 
337 # # |a unmediated  |2 rdamedia 
338 # # |a volume  |2 rdacarrier 
500 # # |a On cover : "6 books in one" 
500 # # |a Includes index 
505 0 # |a Book 1: Moving from idea to reality; Book 2: Planning for your business; Book 3: Handling your finances; Book 4: Managing your business; Book 5 : Marketing and promotion; Book 6: Staying in business  
590 # # |a Fakulti Perniagaan Ekonomi dan Pembangunan Sosial 
650 # 0 |a Small business --   |x Planning  
650 # 0 |a Business planning  
650 # 0 |a New business enterprises --   |x Management  
700 0 # |a Jaret, Peter  
700 0 # |a Holden, Greg  
700 0 # |a Hiam, Alexander  
700 0 # |a Epstein, Lita  
700 0 # |a Edwards, Sarah  
700 0 # |a Edwards, Paul(  |d 1940- )  
700 1 # |a Economy, Peter  
700 0 # |a McMurtry, Jeanette Maw  
700 0 # |a Mazero, Joyce G.  
700 0 # |a Muehlhausen, Jim  
700 0 # |a Nelson, Bob(  |d 1956- )  
700 0 # |a Peterson, Steven  
700 0 # |a Schell, Jim  
700 0 # |a Schenck, Barbara Findlay  
700 0 # |a Seid, Michael  
700 0 # |a Tyson, Eric  
700 0 # |a Tracy, Tage C.  
700 0 # |a Tracy, John A.  
999 |a 1100109183  |b Book  |c Open Shelf  |e KOLEKSI TERBUKA